000 00546nam a22002177a 4500
003 UA-OsUOA
001 39687
007 ta
008 20060626b un ||||| |||| 00| 0 ukr d
100 _aДячков В.
090 _a82
_bД11
942 _cSA
040 _aUA-OsUOA
_bukr
_cUA-OsUOA
_dUA-OsUOA
245 _aЗірки на сплесках хвиль/Проза
300 _aС.90-93
955 _a0
041 _aukr
080 _a82
773 0 _w39686
650 7 _a82 Література. Літературознавство
_2UDC
999 _c325826
_d325826